000 00592nam a22001817a 4500
005 20251108163347.0
008 250721s1978 xx 000 0 ara d
082 1 4 _a214.2/قيم
100 1 _aإبن قيم الجوزية، أبو عبد الله محمد
245 1 0 _aحادى الأرواح إلى بلاد الأفراح /
264 1 _aالقاهرة :
_bمطبعة المدني،
_c1978.
300 _a424ص
650 1 7 _aأصول الدين الإسلامي
650 1 7 _aالنبوة
700 1 _aالمدني، علي السيد
_eتحقيق
942 _2ddc
_cBK
999 _c699
_d699